驻地之间距离小于20km的中国城市 - Statistics

General Stats
  • This quiz has been taken 19 times
  • The average score is 32 of 79
Answer Stats
省级行政区 城市 % Correct
台湾省 台北市
100%
台湾省 新竹市
100%
台湾省 台中市
94%
台湾省 桃园市
94%
台湾省 新北市
94%
台湾省 嘉义市
88%
湖北省 鄂州市
81%
台湾省 高雄市
81%
江苏省 昆山市
81%
湖北省 黄冈市
69%
江苏省 太仓市
69%
广东省 佛山市
63%
广东省 广州市
63%
福建省 晋江市
63%
台湾省 苗栗市
63%
台湾省 南投市
63%
福建省 泉州市
63%
宁夏回族自治区 吴忠市
63%
台湾省 彰化市
63%
辽宁省 辽阳市
56%
浙江省 义乌市
56%
浙江省 东阳市
50%
湖北省 黄石市
50%
甘肃省 嘉峪关市
50%
甘肃省 酒泉市
50%
新疆维吾尔自治区 奎屯市
50%
台湾省 屏东市
50%
宁夏回族自治区 青铜峡市
50%
福建省 石狮市
50%
辽宁省 灯塔市
44%
新疆维吾尔自治区 塔城市
44%
湖南省 湘潭市
44%
湖南省 株洲市
44%
新疆维吾尔自治区 白杨市
38%
新疆维吾尔自治区 哈密市
38%
江苏省 江阴市
38%
辽宁省 锦州市
38%
江苏省 靖江市
38%
宁夏回族自治区 灵武市
38%
湖北省 大冶市
31%
河北省 高碑店市
31%
四川省 广汉市
31%
辽宁省 葫芦岛市
31%
山东省 曲阜市
31%
四川省 什邡市
31%
新疆维吾尔自治区 乌苏市
31%
新疆维吾尔自治区 新星市
31%
台湾省 竹北市
31%
河北省 涿州市
31%
浙江省 慈溪市
25%
广东省 开平市
25%
山西省 孝义市
25%
河南省 新乡市
25%
辽宁省 兴城市
25%
吉林省 延吉市
25%
江西省 鹰潭市
25%
浙江省 余姚市
25%
山东省 邹城市
25%
山西省 汾阳市
19%
浙江省 海宁市
19%
山西省 介休市
19%
辽宁省 凌海市
19%
吉林省 龙井市
19%
台湾省 朴子市
19%
广东省 台山市
19%
台湾省 太保市
19%
浙江省 桐乡市
19%
台湾省 头份市
19%
广西壮族自治区 玉林市
19%
台湾省 员林市
19%
河南省 长葛市
19%
广西壮族自治区 北流市
13%
四川省 广安市
13%
江西省 贵溪市
13%
河南省 卫辉市
13%
河北省 辛集市
13%
河南省 许昌市
13%
四川省 华蓥市
6%
河北省 晋州市
6%
No matching quizzes found
Score Distribution
Percent of People with Each Score
Percentile by Number Answered
Your Score History
You have not taken this quiz